Organizational behavior (Record no. 62497)

000 -LEADER
fixed length control field 00524nam a22001937a 4500
003 - CONTROL NUMBER IDENTIFIER
control field NUST - PNEC
005 - DATE AND TIME OF LATEST TRANSACTION
control field 20170116180749.0
008 - FIXED-LENGTH DATA ELEMENTS--GENERAL INFORMATION
fixed length control field 150305b xxu||||| |||| 00| 0 eng d
020 ## - INTERNATIONAL STANDARD BOOK NUMBER
International Standard Book Number 9789332500334
020 ## - INTERNATIONAL STANDARD BOOK NUMBER
International Standard Book Number 9780132834872
040 ## - CATALOGING SOURCE
Transcribing agency LIBRARY
082 ## - DEWEY DECIMAL CLASSIFICATION NUMBER
Classification number 658.3 ROB
100 ## - MAIN ENTRY--PERSONAL NAME
9 (RLIN) 1611
Personal name Robbins Stephen P
245 ## - TITLE STATEMENT
Title Organizational behavior
Statement of responsibility, etc. Stephen P Robbins; Timothy A Judge; Neharika Vohra
250 ## - EDITION STATEMENT
Edition statement 15th ed.
260 ## - PUBLICATION, DISTRIBUTION, ETC.
Place of publication, distribution, etc. New Delhi
Name of publisher, distributor, etc. Pearson
Date of publication, distribution, etc. c2013.
300 ## - PHYSICAL DESCRIPTION
Extent xxxvi, 672 p.
942 ## - ADDED ENTRY ELEMENTS (KOHA)
Source of classification or shelving scheme
Koha item type Book
Holdings
Withdrawn status Lost status Source of classification or shelving scheme Damaged status Not for loan Permanent Location Current Location Shelving location Date acquired Source of acquisition Cost, normal purchase price Total Checkouts Full call number Barcode Date last seen Date last checked out Cost, replacement price Price effective from Koha item type
          Pakistan Navy Engineering College (PNEC) Pakistan Navy Engineering College (PNEC)   02/18/2015 ZS Dictionary Shop / Library Grant 1500.00 1 658.3 ROB PNECLIB-031988 05/12/2016 01/15/2016 1500.00 02/18/2015 Book
© 2023 Central Library, National University of Sciences and Technology. All Rights Reserved.